Проектирование компонентов систем безопасности, учебное пособие к выполнению выпускной квалификационной работы

التفاصيل البيبلوغرافية
المؤلف الرئيسي: Бурькова Е. В.
مؤلفون آخرون: Тугов В. В., Рычкова А. А., Коннов А. Л.
الملخص:Рекомендовано ученым советом федерального государственного бюджетного образовательного учреждения высшего образования «Оренбургский государственный университет» для обучающихся по образовательным программам высшего образования по направлению подготовки 10.03.01 Информационная безопасность
Учебное пособие содержит рекомендации по структуре и содержанию выпускной квалификационной работы в области информационной безопасности, этапы проектирования систем поддержки принятия решений в области информационной безопасности, систем защиты персональных данных, компонентов автоматизированных систем, информационного и программного обеспечения, систем физической защиты информации и системы защиты компьютерных систем и систем передачи данных. Учебное пособие предназначено для обучающихся по направлению подготовки 10.03.01 Информационная безопасность для выполнения выпускной квалификационной работы.
Книга из коллекции ОГУ - Информатика
منشور في: Оренбург, ОГУ, 2024
الموضوعات:
الوصول للمادة أونلاين:https://e.lanbook.com/book/437726
https://e.lanbook.com/img/cover/book/437726.jpg
التنسيق: MixedMaterials الكتروني كتاب

MARC

LEADER 00000nam0a2200000 i 4500
001 RU-LAN-BOOK-437726
010 |a 978-5-7410-3214-5 
100 |a 20250516d2024 k y0rusy01020304ca 
101 0 |a rus 
102 |a RU 
105 |a y j 000zy 
106 |a z 
200 1 |a Проектирование компонентов систем безопасности  |b Электронный ресурс  |f Бурькова Е. В.,Тугов В. В.,Рычкова А. А.,Коннов А. Л.  |e учебное пособие к выполнению выпускной квалификационной работы 
210 |a Оренбург  |b Оренбург  |c ОГУ  |d 2024 
215 |a 156 с. 
300 |a Рекомендовано ученым советом федерального государственного бюджетного образовательного учреждения высшего образования «Оренбургский государственный университет» для обучающихся по образовательным программам высшего образования по направлению подготовки 10.03.01 Информационная безопасность 
330 |a Учебное пособие содержит рекомендации по структуре и содержанию выпускной квалификационной работы в области информационной безопасности, этапы проектирования систем поддержки принятия решений в области информационной безопасности, систем защиты персональных данных, компонентов автоматизированных систем, информационного и программного обеспечения, систем физической защиты информации и системы защиты компьютерных систем и систем передачи данных. Учебное пособие предназначено для обучающихся по направлению подготовки 10.03.01 Информационная безопасность для выполнения выпускной квалификационной работы. 
333 |a Книга из коллекции ОГУ - Информатика 
610 0 |a выпускная квалификационная работа 
610 0 |a тематика 
610 0 |a структура 
610 0 |a графическая часть 
610 0 |a системы поддержки принятия решений 
610 0 |a информационная безопасность 
610 0 |a проектирование систем защиты персональных данных 
610 0 |a обследование объекта защиты 
610 0 |a уровень защищенности 
610 0 |a требования нормативно-правовых документов 
610 0 |a система защиты испдн 
610 0 |a меры и средства защиты пдн 
610 0 |a организационно-распорядительные документы 
610 0 |a информационное обеспечение 
610 0 |a методы и средства защиты данных 
610 0 |a проектирование программного обеспечения 
610 0 |a инструкция программиста 
610 0 |a инструкция пользователя 
610 0 |a системы физической защиты 
610 0 |a категорирование объекта защиты 
610 0 |a перечень защищаемых ресурсов 
610 0 |a план защищаемого объекта 
610 0 |a вид и масштаб потерь 
610 0 |a угрозы физической защиты 
610 0 |a структура системы физической защиты 
610 0 |a система защиты компьютерных сетей 
610 0 |a адресное пространство 
610 0 |a базовые параметры безопасности активного сетевого оборудования 
610 0 |a списки контроля доступа 
610 0 |a виртуальные частные сети 
675 |a 004.891 
686 |a 32.965  |2 rubbk 
700 1 |a Бурькова  |b Е. В. 
701 1 |a Тугов  |b В. В. 
701 1 |a Рычкова  |b А. А. 
701 1 |a Коннов  |b А. Л. 
801 1 |a RU  |b Издательство Лань  |c 20250516  |g RCR 
856 4 |u https://e.lanbook.com/book/437726 
856 4 1 |u https://e.lanbook.com/img/cover/book/437726.jpg 
953 |a https://e.lanbook.com/img/cover/book/437726.jpg